Học tốt tiếng việt 4
Gồm đọc hiểu từng chủ điểm, củng cố và bổ sung vốn từ ngữ tiếng Việt: tập đọc, chính tả, luyện từ và câu, kể chuyện, tập làm văn.
Gardado en:
| Autor Principal: | |
|---|---|
| Formato: | Libro |
| Idioma: | Undetermined |
| Publicado: |
Hà Nội
Đà Nẳng
2005
|
| Những chủ đề: | |
| Các nhãn: |
Engadir etiqueta
Sen Etiquetas, Sexa o primeiro en etiquetar este rexistro!
|
| Thư viện lưu trữ: | Trung tâm Học liệu Trường Đại học Cần Thơ |
|---|
| LEADER | 00851nam a2200217Ia 4500 | ||
|---|---|---|---|
| 001 | CTU_106491 | ||
| 008 | 210402s9999 xx 000 0 und d | ||
| 020 | |c 12500 | ||
| 082 | |a 372.6 | ||
| 082 | |b M305/T2/L4 | ||
| 100 | |a Phạm, An Miên | ||
| 245 | 0 | |a Học tốt tiếng việt 4 | |
| 245 | 0 | |c Phạm An Miên, Nguyễn Lê Huân | |
| 260 | |a Hà Nội | ||
| 260 | |b Đà Nẳng | ||
| 260 | |c 2005 | ||
| 520 | |a Gồm đọc hiểu từng chủ điểm, củng cố và bổ sung vốn từ ngữ tiếng Việt: tập đọc, chính tả, luyện từ và câu, kể chuyện, tập làm văn. | ||
| 650 | |a Vietnamese language | ||
| 650 | |x Study and teaching (elementary) | ||
| 904 | |i Tuyến, Q. Hiếu (sửa) | ||
| 980 | |a Trung tâm Học liệu Trường Đại học Cần Thơ | ||